000 00250nam a2200121Ia 4500
100 _a#N/A
650 _aComputer/ IT
942 _cBK
654 _aOPEN SUSE 11.0
245 _aOPEN SUSE 11.0 DATABASE SOLUTIONS
260 _b#N/A
546 _aENGLISH
999 _c21534
_d21534